<?xml version="1.0" encoding="UTF-8"?>
<record
    xmlns:xsi="http://www.w3.org/2001/XMLSchema-instance"
    xsi:schemaLocation="http://www.loc.gov/MARC21/slim http://www.loc.gov/standards/marcxml/schema/MARC21slim.xsd"
    xmlns="http://www.loc.gov/MARC21/slim">

  <leader>00825nam a2200229 a 4500</leader>
  <controlfield tag="001">39364</controlfield>
  <controlfield tag="003">BD-RjUL</controlfield>
  <controlfield tag="005">20211209052957.0</controlfield>
  <controlfield tag="008">160409s1984    bg ||||| |||| 00| 0 ben d</controlfield>
  <datafield tag="020" ind1=" " ind2=" ">
    <subfield code="c">: Tk. 26.00</subfield>
  </datafield>
  <datafield tag="035" ind1=" " ind2=" ">
    <subfield code="a">(BD-RjUL) 39477</subfield>
  </datafield>
  <datafield tag="040" ind1=" " ind2=" ">
    <subfield code="a">BD-RjUL</subfield>
    <subfield code="b">ben</subfield>
    <subfield code="c">BD-RjUL</subfield>
  </datafield>
  <datafield tag="041" ind1=" " ind2=" ">
    <subfield code="a">ben</subfield>
  </datafield>
  <datafield tag="082" ind1=" " ind2=" ">
    <subfield code="2">23</subfield>
    <subfield code="a">340.2</subfield>
    <subfield code="b">CHC 1984</subfield>
  </datafield>
  <datafield tag="100" ind1=" " ind2=" ">
    <subfield code="a">&#x99A;&#x9CC;&#x9A7;&#x9C1;&#x9B0;&#x9C0;, &#x986;&#x9AC;&#x9C1; &#x986;&#x9B2;&#x9A4;&#x9BE;&#x9AB; &#x9B9;&#x9CB;&#x9B8;&#x9C7;&#x9A8; </subfield>
    <subfield code="9">121378</subfield>
  </datafield>
  <datafield tag="245" ind1="1" ind2="0">
    <subfield code="a">&#x9A4;&#x9C1;&#x9B2;&#x9A8;&#x9BE;&#x9AE;&#x9C2;&#x9B2;&#x995; &#x986;&#x987;&#x9A8; /</subfield>
    <subfield code="c">&#x986;&#x9AC;&#x9C1; &#x986;&#x9B2;&#x9A4;&#x9BE;&#x9AB; &#x9B9;&#x9CB;&#x9B8;&#x9C7;&#x9A8; &#x99A;&#x9CC;&#x9A7;&#x9C1;&#x9B0;&#x9C0;</subfield>
  </datafield>
  <datafield tag="260" ind1=" " ind2=" ">
    <subfield code="a">&#x9B0;&#x9BE;&#x99C;&#x9B6;&#x9BE;&#x9B9;&#x9C0; : </subfield>
    <subfield code="b">&#x9AA;&#x9C1;&#x9B7;&#x9CD;&#x9AA; &#x9AA;&#x9CD;&#x9B0;&#x995;&#x9BE;&#x9B6;&#x9A8;&#x9C0;, </subfield>
    <subfield code="c">&#x9E7;&#x9EF;&#x9EE;&#x9EA;</subfield>
  </datafield>
  <datafield tag="300" ind1=" " ind2=" ">
    <subfield code="a">[&#x9ED;], &#x9E7;&#x9E6;&#x9E6; &#x9AA;&#x9C3;. ;</subfield>
    <subfield code="c">&#x9E8;&#x9E8; &#x9B8;&#x9C7;&#x9AE;&#x9BF;.</subfield>
  </datafield>
  <datafield tag="650" ind1=" " ind2=" ">
    <subfield code="a">&#x9A4;&#x9C1;&#x9B2;&#x9A8;&#x9BE;&#x9AE;&#x9C2;&#x9B2;&#x995; &#x986;&#x987;&#x9A8;</subfield>
    <subfield code="9">121366</subfield>
  </datafield>
  <datafield tag="650" ind1=" " ind2=" ">
    <subfield code="a">Comparative law </subfield>
    <subfield code="9">121367</subfield>
  </datafield>
  <datafield tag="942" ind1=" " ind2=" ">
    <subfield code="2">ddc</subfield>
    <subfield code="c">BK</subfield>
  </datafield>
  <datafield tag="999" ind1=" " ind2=" ">
    <subfield code="c">39364</subfield>
    <subfield code="d">39364</subfield>
  </datafield>
  <datafield tag="952" ind1=" " ind2=" ">
    <subfield code="0">0</subfield>
    <subfield code="1">0</subfield>
    <subfield code="2">ddc</subfield>
    <subfield code="4">0</subfield>
    <subfield code="7">1</subfield>
    <subfield code="8">NFIC</subfield>
    <subfield code="a">RUCL</subfield>
    <subfield code="b">RUCL</subfield>
    <subfield code="c">Reading</subfield>
    <subfield code="d">2014-03-24</subfield>
    <subfield code="e">RUCL</subfield>
    <subfield code="g">26.00</subfield>
    <subfield code="l">0</subfield>
    <subfield code="o">B 340.2 CHC 1984</subfield>
    <subfield code="r">2016-04-09 00:00:00</subfield>
    <subfield code="t">C-1</subfield>
    <subfield code="w">2016-04-09</subfield>
    <subfield code="y">BK</subfield>
  </datafield>
  <datafield tag="952" ind1=" " ind2=" ">
    <subfield code="0">0</subfield>
    <subfield code="1">0</subfield>
    <subfield code="2">ddc</subfield>
    <subfield code="4">0</subfield>
    <subfield code="7">0</subfield>
    <subfield code="8">NFIC</subfield>
    <subfield code="a">RUCL</subfield>
    <subfield code="b">RUCL</subfield>
    <subfield code="c">Stack</subfield>
    <subfield code="d">2014-03-24</subfield>
    <subfield code="e">RUCL</subfield>
    <subfield code="g">26.00</subfield>
    <subfield code="l">0</subfield>
    <subfield code="o">B 340.2 CHC 1984</subfield>
    <subfield code="r">2016-04-09 00:00:00</subfield>
    <subfield code="t">C-2</subfield>
    <subfield code="w">2016-04-09</subfield>
    <subfield code="y">BK</subfield>
  </datafield>
  <datafield tag="952" ind1=" " ind2=" ">
    <subfield code="0">0</subfield>
    <subfield code="1">0</subfield>
    <subfield code="2">ddc</subfield>
    <subfield code="4">0</subfield>
    <subfield code="7">0</subfield>
    <subfield code="8">NFIC</subfield>
    <subfield code="a">RUCL</subfield>
    <subfield code="b">RUCL</subfield>
    <subfield code="c">Stack</subfield>
    <subfield code="d">2014-03-24</subfield>
    <subfield code="e">RUCL</subfield>
    <subfield code="g">26.00</subfield>
    <subfield code="l">0</subfield>
    <subfield code="o">B 340.2 CHC 1984</subfield>
    <subfield code="r">2016-04-09 00:00:00</subfield>
    <subfield code="t">C-3</subfield>
    <subfield code="w">2016-04-09</subfield>
    <subfield code="y">BK</subfield>
  </datafield>
  <datafield tag="952" ind1=" " ind2=" ">
    <subfield code="0">0</subfield>
    <subfield code="1">0</subfield>
    <subfield code="2">ddc</subfield>
    <subfield code="4">0</subfield>
    <subfield code="7">0</subfield>
    <subfield code="8">NFIC</subfield>
    <subfield code="a">RUCL</subfield>
    <subfield code="b">RUCL</subfield>
    <subfield code="c">Stack</subfield>
    <subfield code="d">2014-03-24</subfield>
    <subfield code="e">RUCL</subfield>
    <subfield code="g">26.00</subfield>
    <subfield code="l">0</subfield>
    <subfield code="o">B 340.2 CHC 1984</subfield>
    <subfield code="r">2016-04-09 00:00:00</subfield>
    <subfield code="t">C-4</subfield>
    <subfield code="w">2021-12-09</subfield>
    <subfield code="y">BK</subfield>
  </datafield>
  <datafield tag="952" ind1=" " ind2=" ">
    <subfield code="0">0</subfield>
    <subfield code="1">0</subfield>
    <subfield code="2">ddc</subfield>
    <subfield code="4">0</subfield>
    <subfield code="7">0</subfield>
    <subfield code="8">NFIC</subfield>
    <subfield code="a">RUCL</subfield>
    <subfield code="b">RUCL</subfield>
    <subfield code="c">Stack</subfield>
    <subfield code="d">2014-03-24</subfield>
    <subfield code="e">RUCL</subfield>
    <subfield code="g">26.00</subfield>
    <subfield code="l">0</subfield>
    <subfield code="o">B 340.2 CHC 1984</subfield>
    <subfield code="r">2016-04-09 00:00:00</subfield>
    <subfield code="t">C-5</subfield>
    <subfield code="w">2016-04-09</subfield>
    <subfield code="y">BK</subfield>
  </datafield>
  <datafield tag="952" ind1=" " ind2=" ">
    <subfield code="0">0</subfield>
    <subfield code="1">0</subfield>
    <subfield code="2">ddc</subfield>
    <subfield code="4">0</subfield>
    <subfield code="7">0</subfield>
    <subfield code="8">NFIC</subfield>
    <subfield code="a">RUCL</subfield>
    <subfield code="b">RUCL</subfield>
    <subfield code="c">Stack</subfield>
    <subfield code="d">2014-03-24</subfield>
    <subfield code="e">RUCL</subfield>
    <subfield code="g">26.00</subfield>
    <subfield code="l">0</subfield>
    <subfield code="o">B 340.2 CHC 1984</subfield>
    <subfield code="r">2016-04-09 00:00:00</subfield>
    <subfield code="t">C-6</subfield>
    <subfield code="w">2016-04-09</subfield>
    <subfield code="y">BK</subfield>
  </datafield>
  <datafield tag="952" ind1=" " ind2=" ">
    <subfield code="0">0</subfield>
    <subfield code="1">0</subfield>
    <subfield code="2">ddc</subfield>
    <subfield code="4">0</subfield>
    <subfield code="7">0</subfield>
    <subfield code="8">NFIC</subfield>
    <subfield code="a">RUCL</subfield>
    <subfield code="b">RUCL</subfield>
    <subfield code="c">Stack</subfield>
    <subfield code="d">2014-03-24</subfield>
    <subfield code="e">RUCL</subfield>
    <subfield code="g">26.00</subfield>
    <subfield code="l">1</subfield>
    <subfield code="o">B 340.2 CHC 1984</subfield>
    <subfield code="r">2019-12-07 00:00:00</subfield>
    <subfield code="s">2019-11-20</subfield>
    <subfield code="t">C-7</subfield>
    <subfield code="w">2016-04-09</subfield>
    <subfield code="y">BK</subfield>
  </datafield>
  <datafield tag="952" ind1=" " ind2=" ">
    <subfield code="0">0</subfield>
    <subfield code="1">0</subfield>
    <subfield code="2">ddc</subfield>
    <subfield code="4">0</subfield>
    <subfield code="7">0</subfield>
    <subfield code="8">NFIC</subfield>
    <subfield code="a">RUCL</subfield>
    <subfield code="b">RUCL</subfield>
    <subfield code="c">Stack</subfield>
    <subfield code="d">2014-03-24</subfield>
    <subfield code="e">RUCL</subfield>
    <subfield code="g">26.00</subfield>
    <subfield code="l">0</subfield>
    <subfield code="o">B 340.2 CHC 1984</subfield>
    <subfield code="r">2016-04-09 00:00:00</subfield>
    <subfield code="t">C-8</subfield>
    <subfield code="w">2016-04-09</subfield>
    <subfield code="y">BK</subfield>
  </datafield>
  <datafield tag="952" ind1=" " ind2=" ">
    <subfield code="0">0</subfield>
    <subfield code="1">0</subfield>
    <subfield code="2">ddc</subfield>
    <subfield code="4">0</subfield>
    <subfield code="7">0</subfield>
    <subfield code="8">NFIC</subfield>
    <subfield code="a">RUCL</subfield>
    <subfield code="b">RUCL</subfield>
    <subfield code="c">Stack</subfield>
    <subfield code="d">2014-03-24</subfield>
    <subfield code="e">RUCL</subfield>
    <subfield code="g">26.00</subfield>
    <subfield code="l">0</subfield>
    <subfield code="o">B 340.2 CHC 1984</subfield>
    <subfield code="r">2016-04-09 00:00:00</subfield>
    <subfield code="t">C-9</subfield>
    <subfield code="w">2016-04-09</subfield>
    <subfield code="y">BK</subfield>
  </datafield>
  <datafield tag="952" ind1=" " ind2=" ">
    <subfield code="0">0</subfield>
    <subfield code="1">0</subfield>
    <subfield code="2">ddc</subfield>
    <subfield code="4">0</subfield>
    <subfield code="7">0</subfield>
    <subfield code="8">NFIC</subfield>
    <subfield code="a">RUCL</subfield>
    <subfield code="b">RUCL</subfield>
    <subfield code="c">Stack</subfield>
    <subfield code="d">2014-03-24</subfield>
    <subfield code="e">RUCL</subfield>
    <subfield code="g">26.00</subfield>
    <subfield code="l">0</subfield>
    <subfield code="o">B 340.2 CHC 1984</subfield>
    <subfield code="r">2016-04-09 00:00:00</subfield>
    <subfield code="t">C-10</subfield>
    <subfield code="w">2016-04-09</subfield>
    <subfield code="y">BK</subfield>
  </datafield>
</record>
